Special Issue Constitutional Politics in a Conservative Era vol. 44

Bibliographic Details
Format: eBook
Language:English
Published: Bingley: Emerald Group Publishing Limited, 2008
Subjects:
Online Access:Acceso restringido

MARC

LEADER 00000nam a22000007a 4500
005 2021022305415.0
007 cr|||| |||
008 210223s2008 us |||||s|||| 00||0 eng d
020 |a 978-0-7623-1486-7 
035 |a 32177 
040 |a vLex 
090 |c 11230  |d 11230 
245 0 0 |a Special Issue Constitutional Politics in a Conservative Era  |h [Recurso electrn̤ico] /  |n vol. 44 
256 |a Servicio en ln̕ea 
260 |a Bingley:  |b Emerald Group Publishing Limited,  |c 2008 
300 |a 1 recurso electrn̤ico 
506 1 |a Disponible solo en los productos indicados  |d vLex Global  |d vLex Global (Academic Edition, excluding Law Schools)  |d vLex Global (Academic Edition, Law Schools) 
650 0 4 |a Ciencias sociales  |z Estados Unidos 
740 0 |a vLex Libros (Servicio en ln̕ea) 
856 4 0 |u http://vlex.com/source/32177  |z Acceso restringido 
942 |c BOOK 
999 0 |a Social Sciences